| 000 | 00518nam a22001817a 4500 | ||
|---|---|---|---|
| 003 | CEME | ||
| 005 | 20210628205106.0 | ||
| 008 | 210224b xxu||||| |||| 00| 0 eng d | ||
| 020 | _a0-89006-741-4 | ||
| 040 | _c. | ||
| 082 | _a621.38132 MIN'D | ||
| 100 |
_aMinnis, B. J _973840 |
||
| 245 | _aDesigning microwave circuits by exact syntthesis | ||
| 260 |
_aBOSTON _bARTECH HOUSE _c1996 |
||
| 300 | _a356P | ||
| 650 |
_aELECTRIC NETWORK SYNTHESIS MICROWAVE CIRCUITS DESIGN AND CONSTRUCTION _973841 |
||
| 942 |
_cBK _2ddc |
||
| 999 |
_c579479 _d579479 |
||